[Event "Belgrade Trophy 35th"]
[Site "Belgrade"]
[Date "2021.11.29"]
[Round "6"]
[White "Vujaklija, Nenad"]
[Black "Mihajlovic, Ivica Lj"]
[Result "0-1"]
[WhiteElo "1680"]
[BlackElo "1591"]
[PlyCount "48"]
[EventDate "2021.11.24"]
[EventType "swiss"]
[EventRounds "9"]
[EventCountry "SRB"]
[SourceTitle "CBM 205 Extra"]
[Source "ChessBase"]
[SourceDate "2022.01.31"]
[SourceVersion "1"]
[SourceVersionDate "2022.01.31"]
[SourceQuality "1"]

1. b3 e5 2. Bb2 d6 3. e3 g6 4. Bc4 Bg7 5. Ne2 Nf6 6. Nbc3 0-0 7. f4 c6 8. fxe5 dxe5 9. Ng3 Ng4 10. Qe2 Kh8 11. 0-0-0 f5 12. h4 b5 13. h5 g5 14. Bd3 e4 15. h6 Be5 16. Bxb5 cxb5 17. Qxb5 Bd7 18. Qd5 Bc6 19. Qe6 Rf6 20. Qc4 Nf2 21. Nh5 Rxh6 22. Qf7 Nxh1 23. Rxh1 Qg8 24. Qxf5 Nd7 0-1

[Event "Belgrade Trophy 35th"]
[Site "Belgrade"]
[Date "2021.11.24"]
[Round "1"]
[White "Vujaklija, Nenad"]
[Black "Kostic, V Vladimir"]
[Result "0-1"]
[WhiteElo "1680"]
[BlackElo "2149"]
[PlyCount "58"]
[EventDate "2021.11.24"]
[EventType "swiss"]
[EventRounds "9"]
[EventCountry "SRB"]
[SourceTitle "CBM 205 Extra"]
[Source "ChessBase"]
[SourceDate "2022.01.31"]
[SourceVersion "1"]
[SourceVersionDate "2022.01.31"]
[SourceQuality "1"]

1. e4 c5 2. Nf3 Nc6 3. Bc4 e6 4. b4 cxb4 5. a3 Nf6 6. e5 d5 7. exd6 Bxd6 8. axb4 Bxb4 9. c3 Bd6 10. 0-0 0-0 11. d4 Bd7 12. Bg5 Qc7 13. Bd3 a6 14. Nbd2 Ne7 15. Bxf6 gxf6 16. Ne4 Kg7 17. c4 Bc6 18. d5 exd5 19. Neg5 fxg5 20. Nxg5 Bxh2+ 21. Kh1 Bf4 22. Nxh7 Rh8 23. Qg4+ Ng6 24. Bxg6 fxg6 25. cxd5 Rxh7+ 26. Kg1 Bh2+ 27. Kh1 Bg1+ 28. Qh3 Rxh3+ 29. gxh3 Qh2# 0-1